| 000 | 00630nam a2200205 a 4500 | ||
|---|---|---|---|
| 001 | 000300334 | ||
| 003 | AM-YeHGA | ||
| 005 | 20250618071933.0 | ||
| 008 | 040116s1946 ai 000 | arm d | ||
| 040 | _aAM-YeHGA | ||
| 041 | 0 | _aarm | |
| 100 | 1 |
_aՎարուժան, Դանիել, _d1884-1915 _9777 |
|
| 245 | 1 | 0 |
_aՀարճը : _b[Պոեմ] / _cԴ. Վարուժան. |
| 260 |
_aՀալէպ : _bտպ. Սեւան, _c1946. |
||
| 300 |
_a32 էջ ; _c23 սմ. |
||
| 440 | 0 |
_aԱնմահ քերթողներ _vԲ. |
|
| 504 | _aԲառացանկ ՝ էջ 32 | ||
| 650 | 1 | 4 |
_aՀայ գրականություն _xՊոեզիա |
| 090 | _c111899 | ||
| 999 |
_c110564 _d110564 |
||